00161 a2200073 450000100060000010000160000624500350002226000300005713603 aGray Co. S aGeopolitics of the Nuclear Era aNew YorkbCrone Russakc